00520nam a22001337a 4500082001600000100002400016245010500040260006800145300000700213650002300220942000900243952011700252999001700369 a297.197 JAS aKokkeragadda, Jason aAN ANALYTICAL STUDY on the ISLAMIC CONCEPT of JUSTICE and its RELEVANCE to the CONTEMPORARY SOCIETY  aHenry Martyn Institute, HyderabadbHenry Martyn Institutec2020 a82 aIslam and Politics cTHES 001040708REFaHMIbHMIcREFd2020-10-18eJason-studentl0o297.197 JASp11-4498r2021-10-18w2021-10-18yTHES c23166d23166